00748cam a22002177a 4500003000500000005001700005008004100022010001000063011001000073035001000083040000900093100002900102245016000131260004100291300004100332502006900373650002100442650001800463650002500481650002400506CHAP20220329142042.0990429d1999 mx a r 00110 spa d a77662 a78634 a88650 cCHAP00aLicona Santana, Justina.10aEfecto de cinco insecticidas sobre la lombriz de tierra Eisenia fetida y Lumbricus rubellus como representantes de la edofaunac/por Justina Licona Santana aChapingo, Méx. :bEl autor,c1999. a110 h. :bIlus. ; gráfs. ; cuadros aTesis (Ing. Agr. Esp. en Suelos) -- UACH. Departamento de Suelos14aEisenia foetida.14aInsecticidas.14aLombrices de tierra.14aLumbricus rubellus.